000 00726nam a2200229 a 4500
003 MX-MxUPN
005 20241001063841.0
008 991125s1955 mx fr 000 0 spa d
035 _aUPN01000002537
040 _aMX-MxUPN
_bspa
_cMX-MxUPN
041 _aspa
050 4 _aLC155 M6
_bJ5.3
100 1 _aJiménez Troncoso, Aurea Nira
_953311
245 1 0 _aAnalfabetismo
260 _aPátzcuaro, Michoacan :
_bCentro Regional de Educación Fundamental para la América Latina,
_c1955.
300 _a39 páginas
650 2 _aAnalfabetismo
_zMéxico
_94922
710 2 _aInstituto Nacional de Pedagogía (México)
_epropietario anterior
_928088
902 _bMaríaRobles/280824
905 _aLibro
942 _2lcc
_cLIBRO
_n0
999 _c2537
_d2537